Rôles Robert DeNiro - Statistiques

Statistiques générales
  • Ce quiz a été pris 61 fois
  • Le résultat moyen est 8 sur 14
Statistiques - réponses
Par images Réponse % Correct
Casino
98%
Taxi Driver
98%
Raging Bull
89%
Les Affranchis
80%
Heat
72%
Le Parrain
70%
The Irishman
63%
Killers of the Flower Moon
48%
Limitless
46%
Jackie Brown
43%
The Intern
31%
Mon Beau-Père et Moi
28%
Dirty Grandpa
11%
Happiness Therapy
11%
Aucun quiz correspondant
Distribution des résultats
% des personnes avec chaque résultat
Percentile par nombre de réponses
Votre historique - résultats
Vous n’avez pas pris ce quiz